01905nam a22002897a 45000010005000000030006000050050017000110080041000280200018000690400029000870500014001160820012001301000017001422450037001592600038001963000044002345050008002785201036002865210029013225210020013516500022013716500023013937000042014169420015014589990015014739520127014885346FISKH20241127123236.0241127b cb ||||| |||| 00| 0 eng d a9780307386175 aFISKHbengcFISKHdFISKH aPR6063.C4 a823.914 aMcEvan, Ian  aOn Chesil Beach /cby Ian McEwan aNew York :bAnchor Books ;c2007. a203 pages : billustrations ;c21 cm .  aU  aFrom the "marvelously gifted" and award-winning author of Atonement and Saturday. It is July 1962. Florence is a talented musician who dreams of a career on the concert stage and of the perfect life she will create with Edward, an earnest young history student at University College of London, who unexpectedly wooed and won her heart. Newly married that morning, both virgins, Edward and Florence arrive at a hotel on the Dorset coast. At dinner in their rooms they struggle to suppress their worries about the wedding night to come. Edward, eager for rapture, frets over Florence's response to his advances and nurses a private fear of failure, while Florence's anxieties run deeper: she is overcome by sheer disgust at the idea of physical contact, but dreads disappointing her husband when they finally lie down together in the honeymoon suite. Ian McEwan has caught with understanding and compassion the innocence of Edward and Florence at a time when marriage was presumed to be the outward sign of maturity and independence.8 a820 bLexile estimate 8 aU bRaz-Plus  amarriagevFiction ahoneymoonvFiction aJones, Louis eTitle page illustrator 2ddccBKn0 c5346d5346 00102ddc40708FICa001b001cSBSd2024-11-27l0oMCE 823.914 PR6063.C4pFISSE04343r2024-11-27 12:32:33w2024-11-27yBK